Obálka Náhled e-knihy:
PDF Epub
Pro půjčování e-knih musíte být přihlášeni.
Jak si půjčit online?

Enola Holmesová – Prípad tajomnej krinolíny /

Na úteku pred svojimi bratmi Mycroftom a Sherlockom sa Enola ukrýva v malom bytíku u pani Tupperovej. Stará pani je síce hluchá a hrozná kuchárka, no momentálne je pre Enolu asi najbližším človekom. Preto keď zistí, že sa jej drahej domácej niekto vyhráža a o pár dní ju unesú, okamžite sa pustí do p...

Celý popis

Uloženo v:
Série:Enola Holmesová (SK), část 5
Hlavní autor: Springerová, Nancy (Autor)
Médium: E-kniha
Jazyk:Czech
Vydáno: Praha : Albatros Media Slovakia s.r.o., 2025
Příbuzné jednotky:Z cyklu:: Enola Holmesová (SK)
Tagy:
Žádné tagy
LEADER 01704nam a22002417i 4500
001 302719
007 ta
008 260514s2025 xr ||||| |||| 00| 0 cze d
020 |a 9788056649473 
044 |a xr 
100 1 |a  Springerová, Nancy  |4 aut 
245 1 0 |a Enola Holmesová – Prípad tajomnej krinolíny /  |c  Springerová, Nancy 
240 1 0 |a An Enola Holmes Mystery: The Case of the Cryptic Crinoline 
264 1 |a Praha :  |b Albatros Media Slovakia s.r.o.,  |c 2025 
300 |a 1 online zdroj (152 stran) 
336 |a text  |b txt  |2 rdacontent 
337 |a bez média  |b n  |2 rdamedia 
338 |a online zdroj  |b cr  |2 rdacarrier 
520 2 |a Na úteku pred svojimi bratmi Mycroftom a Sherlockom sa Enola ukrýva v malom bytíku u pani Tupperovej. Stará pani je síce hluchá a hrozná kuchárka, no momentálne je pre Enolu asi najbližším človekom. Preto keď zistí, že sa jej drahej domácej niekto vyhráža a o pár dní ju unesú, okamžite sa pustí do pátrania. Čoskoro odhalí, že do únosu je zapletená slávna Florence Nightingaleová a hlavnou stopou je tajomná krinolína. A tak musí Enola opäť vyskakovať z okna, lúštiť záhadné šifry, dokonca použiť svoju dýku. 
787 0 8 |g 5  |i Z cyklu:  |t Enola Holmesová (SK) 
910 |a RBIT002 
998 |d 426976  |a https://core.palmknihy.cz/api/books/426976/cover?tesgi9  |b https://core.palmknihy.cz/api/books/426976/cover/400?tesgi9  |c https://core.palmknihy.cz/api/books/426976/cover/50?tesgi9  |e 2029-09-18  |g 152  |i 9788056649473  |j https://core.palmknihy.cz/api/books/426976/preview.epub  |k https://core.palmknihy.cz/api/books/426976/preview.pdf  |l   |q 49  |r 1  |s https://www.palmknihy.cz/kniha/426976  |t ebook  |y 2025  |z 1  |v Enola Holmesová (SK)  |w 5 
999 |d 302717